000 00809nam a22002297a 4500
003 UA-OsUOA
001 70129
007 ta
008 20100830b un ||||| |||| 00| 0 ukr d
100 _aЛонгфелло Генри Уодсуорт. Уитмен Уолт
090 _a821.161.1(73)
_bЛ76
942 _cBK
040 _aUA-OsUOA
_brus
_cUA-OsUOA
_dUA-OsUOA
245 _aСтихотворения. Эванджелина. Песнь о гайавате. Стихотворения и поэмы. Публицистика
_bпоэмы
300 _a558 с.
955 _a3
041 _arus
080 _a821.161.1(73)
260 _aМ.
_bХудожественная литература
_c1986
650 7 _a82 Література. Літературознавство
_2UDC
999 _c356364
_d356364